EKOS (Registro nro. 236709)
[ vista simple ]
| 000 -LEADER | |
|---|---|
| campo de control de longitud fija | 00446nam a2200193Ia 4500 |
| 005 - FECHA Y HORA DE LA ÚLTIMA TRANSACCIÓN | |
| campo de control | 20250425162812.0 |
| 008 - DATOS DE LONGITUD FIJA--INFORMACIÓN GENERAL | |
| campo de control de longitud fija | 250425s9999 xx 000 0 und d |
| 041 ## - CÓDIGO DE IDIOMA | |
| Código de lengua del texto/banda sonora o título independiente | spa |
| 043 ## - CÓDIGO DE ÁREA GEOGRÁFICA | |
| Código de área geográfica | ec |
| 010 ## - NÚMERO DE CONTROL DE LA BIBLIOTECA DEL CONGRESO | |
| Número de control de LC | 109126 |
| 110 ## - ENTRADA PRINCIPAL--NOMBRE DE ENTIDAD CORPORATIVA | |
| Nombre de entidad corporativa o nombre de jurisdicción como elemento de entrada | CAPITAL MANAGEMENT SOLUTIONS |
| 245 #0 - MENCIÓN DEL TÍTULO | |
| Título | EKOS |
| 250 ## - MENCION DE EDICION | |
| Mención de edición | S.E. |
| 260 ## - PUBLICACIÓN, DISTRIBUCIÓN, ETC. | |
| Lugar de publicación, distribución, etc. | Ecuador |
| Nombre del editor, distribuidor, etc. | CAPITAL MANAGEMENT SOLUTIONS |
| Fecha de publicación, distribución, etc. | 2019 |
| 260 ## - PUBLICACIÓN, DISTRIBUCIÓN, ETC. | |
| Lugar de publicación, distribución, etc. | QUITO |
| 300 ## - DESCRIPCIÓN FÍSICA | |
| Extensión | 196 |
| 500 ## - NOTA GENERAL | |
| Nota general | NO. 302 JUNIO 2019 |
| 942 ## - ELEMENTOS DE ENTRADA SECUNDARIOS (KOHA) | |
| Tipo de ítem Koha | Libros |
| Estatus retirado | Estado de pérdida | Estado de daño | No para préstamo | Biblioteca de origen | Biblioteca actual | Fecha de adquisición | Coste, precio normal de compra | Total de préstamos | Código de barras | Copia número | Nota pública |
|---|---|---|---|---|---|---|---|---|---|---|---|
| ESCUELA DE NEGOCIOS | ESCUELA DE NEGOCIOS | 25/07/2019 | 5.00 | CP-17608 | 1 | COMPRA |